000 00735nam a22002297a 4500
005 20150226102541.0
008 140714b xxu||||| |||| 00| 0 Urdu d
010 _aUR-8684
020 q _c150..00
020 _c9789350733974
035 _aU-7239
037 _bDBAD/Pub.
040 _aDPL
_bUrdu
082 _a840.08
100 _aہا جر ہ با نو
245 _a‎با غ بہشت :ا نشا يو ن کا مجمو عہ
_cہا جر ہ با نو
246 _aBagh-e- Bahisht
_bBy Hajra Bano
260 _aد ھلی
_bEducational Publishing House
_c2014
270 _a3108,Vakeel Street,Kucha Pandit,Lal Kuan
_b.Delhi
_e110006
300 _a118ص
_c22Cm (Hb)
942 _2ddc
_cUR
_e
_h840.08
_mہ ا ج
999 _c91922
_d91922